| 000 | 00735cam a22002415a 4500 | ||
|---|---|---|---|
| 001 | 17508528 | ||
| 005 | 20161120120629.0 | ||
| 008 | 121025t2012 maua frb 001 0 eng d | ||
| 020 | _a9780124158429 | ||
| 040 |
_aDLC _beng _cDLC _dDLC _dEG-ScBUE |
||
| 082 | 0 | 4 |
_a006.696 _222 _bPAR |
| 100 | 1 |
_aParent, Rick. _911250 |
|
| 245 | 1 | 0 |
_aComputer animation : _balgorithms and techniques / _cRick Parent. |
| 250 | _a3rd ed. | ||
| 260 |
_aWaltham : _bMorgan Kaufmann / Elsevier, _cc.2012. |
||
| 300 |
_axvii, 515 p. : _bill. ; _c25 cm. |
||
| 500 | _aIndex : p. 503-515. | ||
| 504 | _aIncludes bibliographical references. | ||
| 650 | 7 |
_aComputer animation. _2BUEsh _95825 |
|
| 651 | _2BUEsh | ||
| 653 |
_bCOMSCI _cNovember2016 |
||
| 942 | _2ddc | ||
| 999 |
_c23196 _d23168 |
||